SHAPING THE MANAGERIAL MIND HOW THE WORL (Record no. 7586)

MARC details
000 -LEADER
fixed length control field 00363nam a2200133Ia 4500
008 - FIXED-LENGTH DATA ELEMENTS--GENERAL INFORMATION
fixed length control field 240624s9999 xx 000 0 und d
041 ## - LANGUAGE CODE
Language code of text/sound track or separate title eng
082 ## - DEWEY DECIMAL CLASSIFICATION NUMBER
Classification number 658 FLA
100 ## - MAIN ENTRY--PERSONAL NAME
Personal name FLAHERTY JOHN E
245 ## - TITLE STATEMENT
Title SHAPING THE MANAGERIAL MIND HOW THE WORL
260 ## - PUBLICATION, DISTRIBUTION, ETC.
Date of publication, distribution, etc. 1999
Place of publication, distribution, etc. San Francisco
Name of publisher, distributor, etc. Jossey-Bass Publishers
300 ## - PHYSICAL DESCRIPTION
Extent xii, : 445 : p. : cm. ; 24
365 ## - TRADE PRICE
Currency code
Price amount 35
Holdings
Withdrawn status Lost status Damaged status Not for loan Home library Current library Shelving location Date acquired Source of acquisition Cost, normal purchase price Full call number Barcode Date last seen Copy number Price effective from Koha item type
        IMTN IMTN Rack 22-B 11/30/2007 BU 27.00 658 FLA 7586 06/24/2024 39.35 06/24/2024 Books
Designed & Maintained by: LRC IMT Nagpur Contact: lrc@imtnag.ac.in© 2024. All Rights Reserved.